The song poet : a memoir of my father / Kao Kalia ... Read More
Available copies
- 2 of 2 copies available at LARL/NWRL Consortium. (Show)
- 2 of 2 copies available at Lake Agassiz Regional Library.
Current holds
0 current holds with 2 total copies.
View other formats and editions
Show Only Available Copies
| Location | Call Number / Copy Notes | Barcode | Shelving Location | Status | Due Date |
|---|---|---|---|---|---|
| Crookston Public Library | CD TALKING BOOK 921 YAN (Text) | 33500012395265 | Main | Available | - |
| Moorhead Public Library | CD TALKING BOOK 921 YAN (Text) | 33500012770749 | Main | Available | - |
Record details
- ISBN: 9781681681627
- ISBN: 1681681625
- Physical Description: 7 sound discs (8 hr.) : digital ; 4 3/4 in.
- Edition: Unabridged.
- Publisher: Prince Frederick, MD : HighBridge, a division of Recorded Books, p2016.
Content descriptions
| General Note: | Title from container. Compact disc. In container (17 cm.). |
| Participant or Performer Note: | Read by the author. |
| Summary, etc.: | From the author of The Latehomecomer, a powerful ... Read More |
Search for related items by subject
| Genre: | Audiobooks. |
| LDR | 01799cim a2200493Ma 4500 | ||
|---|---|---|---|
| 001 | 214376 | ||
| 003 | LARL_NWRL_CONSORTIUM | ||
| 005 | 20160809163107.0 | ||
| 008 | 160713s2016 mdunnnn bm n eng d | ||
| 007 | sd fungnnmmned | ||
| 020 | . | ‡a9781681681627 | |
| 020 | . | ‡a1681681625 | |
| 028 | 0 | 2. | ‡aDD23588 ‡bRecorded Books |
| 035 | . | ‡a(OCoLC)953629865 | |
| 043 | . | ‡an-us-mn ‡aa-ls--- | |
| 082 | 0 | 4. | ‡a305.8959/72073 ‡223 |
| 100 | 1 | . | ‡aYang, Kao Kalia, ‡d1980- ‡0(LARL_NWRL_CONSORTIUM)198323 |
| 245 | 1 | 4. | ‡aThe song poet : ‡ba memoir of my father / ‡cKao Kalia Yang. |
| 250 | . | ‡aUnabridged. | |
| 260 | . | ‡aPrince Frederick, MD : ‡bHighBridge, a division of Recorded Books, ‡cp2016. | |
| 300 | . | ‡a7 sound discs (8 hr.) : ‡bdigital ; ‡c4 3/4 in. | |
| 500 | . | ‡aTitle from container. | |
| 511 | 0 | . | ‡aRead by the author. |
| 500 | . | ‡aCompact disc. | |
| 500 | . | ‡aIn container (17 cm.). | |
| 520 | . | ‡aFrom the author of The Latehomecomer, a powerful memoir of her father, a Hmong song poet who sacrificed his gift for his children's future in America. | |
| 600 | 1 | 0. | ‡aYang, Bee, ‡d1958- |
| 650 | 0. | ‡aHmong Americans ‡zMinnesota ‡vBiography. | |
| 650 | 0. | ‡aSingers ‡zMinnesota ‡vBiography. | |
| 650 | 0. | ‡aHmong poetry ‡zMinnesota. | |
| 650 | 0. | ‡aSongs, Hmong ‡zMinnesota. | |
| 650 | 0. | ‡aRefugees ‡zMinnesota ‡vBiography. | |
| 600 | 1 | 0. | ‡aYang, Kao Kalia, ‡d1980- ‡xFamily. |
| 650 | 0. | ‡aFathers and daughters ‡zMinnesota. | |
| 650 | 0. | ‡aHmong (Asian people) ‡xSocial life and customs. | |
| 651 | 0. | ‡aHmong (Asian people) ‡zLaos ‡vBiography. | |
| 655 | 7. | ‡aAudiobooks. ‡2lcgft ‡0(LARL_NWRL_CONSORTIUM)175801 | |
| 901 | . | ‡a214376 ‡b ‡c214376 ‡tbiblio | |

Add to basket
Permalink
Enable Highlighting